00280 a2200121 4500001000700000020002200007040001100029100002300040240004200063245003700105300000700142362000900149194302 a978-85-262-7850-9 cMagnum aSallut, Elza Cesar10aSabe de quem era aquele rabinho?lpor10aSabe de quem era aquele rabinho? a160 a2014